Obras poéticas /
Gorde:
| Egile Nagusiak: | , |
|---|---|
| Beste egile batzuk: | |
| Formatua: | Baliabide elektronikoa eBook |
| Hizkuntza: | gaztelania |
| Argitaratua: |
Ciudad de México :
Océano,
[2017]
|
| Edizioa: | Primera edición en libro electrónico. |
| Gaiak: | |
| Sarrera elektronikoa: | Digitalia Hispánica |
| Etiketak: |
Etiketa erantsi
Etiketarik gabe, Izan zaitez lehena erregistro honi etiketa jartzen!
|
MARC
| LEADER | 00000nam a2200000Ii 4500 | ||
|---|---|---|---|
| 001 | DIGOCEANO0025 | ||
| 003 | NyNyDIG | ||
| 006 | m o d | ||
| 007 | cr ||||||||||| | ||
| 008 | 240404s2017 mx o 000 e spa d | ||
| 035 | |a (OCoLC)1430189033 | ||
| 040 | |a DGITA |b eng |e rda |e pn |c DGITA | ||
| 020 | |a 9786077351528 |q eBook | ||
| 050 | 1 | 4 | |a PA6825 ebook |
| 100 | 0 | |a Virgil, |e author. | |
| 245 | 1 | 0 | |a Obras poéticas / |c Virgilio, Horacio ; estudio preliminar de Agustín Millares Carlo. |
| 250 | |a Primera edición en libro electrónico. | ||
| 264 | 1 | |a Ciudad de México : |b Océano, |c [2017] | |
| 300 | |a 1 online resource. | ||
| 336 | |a text |b txt |2 rdacontent | ||
| 337 | |a computer |b c |2 rdamedia | ||
| 338 | |a online resource |b cr |2 rdacarrier | ||
| 347 | |a text file |2 rdaft | ||
| 347 | |b EPUB | ||
| 588 | 0 | |a Online resource; title from ePub title page (Digitalia, viewed April 4, 2024) | |
| 600 | 1 | 0 | |a Virgil. |
| 600 | 0 | 0 | |a Horace. |
| 655 | 7 | |a Essays. |2 lcgft | |
| 700 | 0 | |a Horace, |e author. | |
| 700 | 1 | |a Millares Carlo, Agustín, |d 1893-1980, |e contributor agent of text. | |
| 791 | 2 | |a Digitalia (Firm), |e distributor. | |
| 793 | 0 | |g Digitalia eBook Collection: |a Editorial Océano | |
| 856 | 4 | 0 | |3 Digitalia Hispánica |u https://digitalia.unach.elogim.com/a/85215/ |
| 910 | |a Premium collection: 2024 | ||